Communes en "bach" d'Alsace - Statistiques

Statistiques générales
  • Ce quiz a été pris 74 fois
  • Le résultat moyen est 14 sur 99
Réponses sur la Carte
Les réponses sont colorées sur une échelle allant du rouge au vert en fonction du pourcentage des utilisateurs qui les ont devinées à leur premier essai. Vous pouvez retrouver ces pourcentages ci-dessous.
 
Statistiques - réponses
Arrondissement Commune % Correct
Wissembourg Lembach
39%
Haguenau Dambach
36%
Sélestat Dambach-la-Ville
36%
Altkirch Elbach
36%
Colmar Soultzbach-les-Bains
31%
Molsheim Muhlbach-sur-Bruche
30%
Colmar Muhlbach-sur-Munster
30%
Guebwiller Rimbach-près-Guebwiller
26%
Thann Rimbach-près-Masevaux
26%
Colmar Gunsbach
25%
Mulhouse Lutterbach
25%
Sélestat Breitenbach
21%
Colmar Breitenbach-Haut-Rhin
21%
Haguenau Griesbach
21%
Colmar Griesbach-au-Val
21%
Saverne Griesbach-le-Bastberg
21%
Thann Michelbach
21%
Wissembourg Niedersteinbach
20%
Wissembourg Obersteinbach
20%
Altkirch Aspach
18%
Mulhouse Bruebach
18%
Altkirch Carspach
18%
Thann Steinbach
18%
Molsheim Barembach
16%
Wissembourg Climbach
16%
Wissembourg Hunspach
16%
Colmar Luttenbach-près-Munster
16%
Mulhouse Michelbach-le-Bas
16%
Guebwiller Murbach
16%
Mulhouse Michelbach-le-Haut
15%
Thann Ranspach
15%
Mulhouse Schlierbach
15%
Sélestat Triembach-au-Val
15%
Wissembourg Trimbach
15%
Mulhouse Wahlbach
15%
Colmar Walbach
15%
Wissembourg Eschbach
13%
Colmar Eschbach-au-Val
13%
Guebwiller Lautenbach
13%
Molsheim Solbach
13%
Saverne Sparsbach
13%
Thann Altenbach
11%
Thann Aspach-le-Bas
11%
Thann Aspach-le-Haut
11%
Altkirch Hirtzbach
11%
Thann Malmerspach
11%
Wissembourg Oberseebach
11%
Mulhouse Ranspach-le-Bas
11%
Mulhouse Ranspach-le-Haut
11%
Haguenau Rothbach
11%
Molsheim Waldersbach
11%
Molsheim Wildersbach
11%
Wissembourg Aschbach
10%
Thann Bourbach-le-Bas
10%
Thann Bourbach-le-Haut
10%
Altkirch Feldbach
10%
Thann Goldbach
10%
Altkirch Hundsbach
10%
Wissembourg Laubach
10%
Altkirch Manspach
10%
Altkirch Muespach-le-Bas
10%
Altkirch Muespach-le-Haut
10%
Wissembourg Niederlauterbach
10%
Wissembourg Niederseebach
10%
Saverne Niedersoultzbach
10%
Wissembourg Oberlauterbach
10%
Saverne Obersoultzbach
10%
Guebwiller Osenbach
10%
Ribeauvillé Rombach-le-Franc
10%
Wissembourg Wintzenbach
10%
Colmar Zimmerbach
10%
Sélestat Albé (Erlenbach)
8%
Saverne Burbach
8%
Sélestat Dieffenbach-au-Val
8%
Wissembourg Eberbach-près-Seltz
8%
Wissembourg Eberbach-près-Wœrth
8%
Altkirch Hagenbach
8%
Wissembourg Langensoultzbach
8%
Thann Leimbach
8%
Altkirch Ruederbach
8%
Wissembourg Salmbach
8%
Altkirch Spechbach-le-Bas
8%
Altkirch Spechbach-le-Haut
8%
Saverne Waldhambach
8%
Wissembourg Birlenbach
7%
Wissembourg Durrenbach
7%
Ribeauvillé Fréland (Urbach)
7%
Altkirch Moyen-Muespach
7%
Saverne Petersbach
7%
Altkirch Riespach
7%
Altkirch Traubach-le-Bas
7%
Altkirch Traubach-le-Haut
7%
Molsheim Blancherupt (Bliensbach)
5%
Wissembourg Bremmelbach
5%
Wissembourg Dieffenbach-lès-Wœrth
5%
Altkirch Éteimbes (Welschsteinbach)
5%
Thann Soppe-le-Bas (Niedersulzbach)
5%
Thann Soppe-le-Haut (Obersulzbach)
5%
Saverne Tieffenbach
3%
Aucun quiz correspondant
Distribution des résultats
% des personnes avec chaque résultat
Percentile par nombre de réponses
Votre historique - résultats
Vous n’avez pas pris ce quiz